000
00346nam a2200145Ia 4500
008
230718s9999 xx 000 0 und d
041
_a
Eng.
082
_a
343.02
_b
M. -T
100
_a
M. Anwar Ghuman
245
4
_a
The American Constitution
260
_a
Pakistan
_b
Punjab Law book house
_c
2012
300
_a
96
650
_a
Law
999
_c
30108
_d
30108